| 000 | 00589nam a2200193Ia 4500 | ||
|---|---|---|---|
| 008 | 100921s9999 xx 000 0 und d | ||
| 082 |
_b2475 _a891.463 थ 73 |
||
| 100 | _aअभ्यंकर कुसुम. | ||
| 245 | _aकठपुतली. | ||
| 260 | _bदीपज्योती प्रकाशन,पुणे. | ||
| 260 | _c1973 | ||
| 300 |
_a260 _b--- |
||
| 365 | _b12 | ||
| 520 | _aललित-कादंबरी. | ||
| 630 | _aकठपुतली. | ||
| 650 | _aललित-कादंबरी. | ||
| 730 | _aकठपुतली. | ||
| 942 | _cBOOK | ||
| 999 |
_c751588 _d751585 |
||